000 00613 a2200181 4500
003 Nust
005 20170207153205.0
040 _cNust
082 _a005.1
100 _aLatif, Khalid (MSCS-1)
245 _aImplementation of industrial production planning and control
_cKhalid Latif
260 _bMCS
_cJuly, 1998
300 _ax, 134 p.
505 _aIntroduction (page-1), Database systems (page-7), Oracle database management systems (page-35), Implementation and results (page-50), Conclusion and future work (page-102).
538 _aAlmirah No. 73 and Shelf No 1
650 _aMSCS Thesis
651 _aMSCS-1
942 _cTHS
999 _c181166
_d181166